Vista normal Vista MARC

Entrada Nombre personal

Número de registros utilizados en: 12

001 - NÚMERO DE CONTROL

  • campo de control: 76260

003 - IDENTIFICADOR DE NÚMERO DE CONTROL

  • campo de control: OSt

005 - FECHA Y HORA DE LA ÚLTIMA TRANSACCIÓN

  • campo de control: 20240510124945.0

008 - ELEMENTOS DE DATO DE LONGITUD-FIJA

  • campo de control de longitud fija: 920817 n acnnnaaan n ann d

024 7# - IDENTIFICADOR DE OTROS ESTÁNDARES

  • Fuente: VIAF, 10-5-2024
  • Número estándar o código: http://viaf.org/viaf/86400278

040 ## - FUENTE DE CATALOGACIÓN

  • Centro catalogador/agencia de origen: OSt
  • Centro/agencia transcriptor: OSt

100 00 - ENCABEZAMIENTO-NOMBRE DE PERSONA

  • Nombre de persona: Mañas Rincón, Jacinto,
  • Fechas asociadas al nombre: 1933-

400 00 - TRAZADO DE VÉASE--NOMBRE DE PERSONA

  • Nombre de persona: Mañas, Jacinto